000 00619nam a2200217 a 4500
999 _c2852
_d2852
001 2852
003 BD-JhCC
005 20171107165900.0
008 171107s1974 bg |||| ||a| 00| 0 en d
035 _a(BD-JhCC)2852
040 _aBD-JhCC
_dBD-JhCC
041 _aben
082 _a891.443
_bBOS 1974
100 _aবসু, মনোজ
245 _aমৃত্যুর চোখে আগুন /
_cমনোজ বসু
260 _aঢাকা :
_bনওরোজ কিতাবিস্তান,
_c1974.
300 _a179 p. :
_c20 cm.
650 _aBengali Novel
942 _2ddc
_cBK